AH International Schools' Libraries

Killer energy / (Record no. 48281)

MARC details
000 -LEADER
fixed length control field 00465cam a2200169 i 4500
001 - CONTROL NUMBER
control field 18574678
005 - DATE AND TIME OF LATEST TRANSACTION
control field 20260205101619.0
020 ## - INTERNATIONAL STANDARD BOOK NUMBER
International Standard Book Number 9781407109602
100 1# - MAIN ENTRY--PERSONAL NAME
Personal name Arnold, Nick,
Relator term author.
9 (RLIN) 34234
245 10 - TITLE STATEMENT
Title Killer energy /
Medium Nick Arnold.
260 ## - PUBLICATION, DISTRIBUTION, ETC. (IMPRINT)
Place of publication, distribution, etc London:
Name of publisher, distributor, etc Scholastic;
Date of publication, distribution, etc 2009.
300 ## - PHYSICAL DESCRIPTION
Extent 159 p.
Other physical details illustrations ;
Dimensions 20 cm.
490 ## - SERIES STATEMENT
Series statement Horrible Science;
650 #0 - SUBJECT ADDED ENTRY--TOPICAL TERM
Topical term or geographic name as entry element Science.
700 1# - ADDED ENTRY--PERSONAL NAME
Personal name De Saulles, Tony,
Relator term illustrator.
9 (RLIN) 56917
942 ## - ADDED ENTRY ELEMENTS (KOHA)
Source of classification or shelving scheme
Koha item type NON FIC SECTION
Holdings
Withdrawn status Lost status Source of classification or shelving scheme Damaged status Not for loan Collection code Home library Current library Date acquired Total Checkouts Full call number Barcode Date last seen Date checked out Price effective from Koha item type
          Non-Fiction Asian Hope Secondary Library Asian Hope Secondary Library 01/30/2025 1 531.6 ARN 207476 01/16/2026 02/24/2025 01/30/2025 NON FIC SECTION
            Asian Hope Secondary Library Asian Hope Secondary Library 02/05/2026       02/05/2026   02/05/2026 NON FIC SECTION

For any Logos Library related questions please contact Miss Art at swongnarasuk@asianhope.org.

For any Asian Hope Library related questions please contact Miss Raza at graza@asianhope.org.

Powered by Koha